000 00322nam a22001337a 4500
003 OSt
008 250108b |||||||| |||| 00| 0 eng d
041 _aeng
100 _aBindra OS
_96829
245 _aPesticide Application Equipment
260 _aNew Delhi:
_bOxford of IBH
700 _aHarchndrasingh
_96830
942 _cBK
999 _c18981
_d18981